|
|
|
|
| LEADER |
00000nam a2200000 a 4500 |
| 001 |
UCO0889 |
| 003 |
CL-VaPUC |
| 008 |
000428e19590000IT |||||||||||||||||ita|d |
| 082 |
0 |
4 |
|a 945
|b PRE
|2 21
|
| 100 |
0 |
|
|a Prezzolini, Giuseppe
|e author
|9 442487
|
| 245 |
1 |
3 |
|a L' Italia finisce: ecco quel che resta
|
| 250 |
|
|
|a 2a. ed
|
| 300 |
|
|
|a 370 p
|
| 942 |
|
|
|c BK
|
| 945 |
|
|
|d 20000428 00:00:00
|a rherrera
|
| 260 |
|
|
|a Florencia
|b Vallechi
|c 1959
|
| 650 |
|
0 |
|a Historia de Italia
|9 362027
|
| 651 |
|
0 |
|a Italia
|9 254949
|
| 583 |
|
|
|a last modification
|c 20000428 00:00:00
|k Rodrigo Vera
|
| 999 |
|
|
|c 287528
|d 287526
|
| 952 |
|
|
|0 0
|1 0
|4 0
|6 945_000000000000000_PRE_1959
|7 0
|8 A
|9 334424
|a BIBHIS
|b BIBHIS
|d 2019-11-20
|i 1267574
|o 945 PRE 1959
|p 1267574
|r 2025-01-20
|w 2019-11-20
|y BK
|k HIS
|